Statistics for football managers in spfl

Click here to take the quiz!

General Stats

  • This quiz has been taken 13 times
  • The average score is 3 of 15

Answer Stats

HintAnswer% Correct
rangersmark warburton
77%
dundeepaul hartley
54%
heartsrobbie neilson
46%
queen of the southjames fowler
31%
partick thistlealan archibald
31%
ross countyjim macintyre
23%
kilmarnockgary locke
23%
annan athleticjim chapman
8%
aberdeenderek mccines
0%
celticronny deila is deluded
0%
hibernianalan stubbs is a twat
0%
arbroathtod lumsen
0%
dundee utdmixu paatelainen
0%
east stirlingshirecraig tully
0%
cowdenbeathcolin nish
0%

Score Distribution

Percentile by Number Answered

Percent of People with Each Score

Your Score History

You have not taken this quiz